| 000 | 01382cam a2200361 i 4500 | ||
|---|---|---|---|
| 001 | 26251 | ||
| 003 | Mx-PuUPA | ||
| 005 | 20250303161243.0 | ||
| 008 | 140415s2008 mx ao gr 001 0 spa d | ||
| 020 | _a9786071100009 | ||
| 040 |
_aMx-PuUPA _cMx-PuUPA _bspa _dMx-PuUPA _erda |
||
| 041 | 0 | _aspa | |
| 043 | _as-ck--- | ||
| 100 | 1 |
_aFernández Menéndez, Jorge, _d1955- _916710 _eautor |
|
| 245 | 1 | 0 |
_aLas FARC en México : _bde la política al narcotráfico / _cJorge Fernández Menéndez ; prólogo, Joaquín Villalobos |
| 250 |
_aPrimera edición / _bseptiembre |
||
| 264 | 1 |
_aMéxico, D.F. : _bNuevo Siglo Aguilar, _c2008 |
|
| 300 |
_a238 páginas, 16 páginas sin numerar : _bilustraciones, fotografías ; _c23 cm |
||
| 336 |
_2rdacontent _atexto _btxt |
||
| 336 |
_2rdacontent _aimagen fija _bsti |
||
| 337 |
_2rdamedia _asin medio _bn |
||
| 338 |
_2rdacarrier _avolumen _bnc |
||
| 490 | 0 | _aNuevo Siglo Aguilar | |
| 650 | 7 |
_a Fuerzas Armadas Revolucionarias _x _2armarc _zColombia |
|
| 650 | 7 |
_aNarcotráfico _xAspectos políticos _2armarc _zMéxico |
|
| 651 | 4 |
_aColombia _xPolítica y gobierno _y1974- |
|
| 700 | 1 |
_aVillalobos, Joaquín _eprologuista |
|
| 942 |
_2ddc _cLI _h320.98610634 _iF34 _n |
||
| 999 |
_c26251 _d26251 |
||